NCAA Coaches to Teams (All Sports) - Statistics

General Stats
  • This quiz has been taken 19 times
  • The average score is 7 of 10
Answer Stats
Coach Team % Correct
Deion Sanders Colorado
94%
Ryan Day Ohio State
94%
James Franklin Penn State
94%
Tom Izzo Michigan State
88%
Mike Krzyzewski Duke
81%
Curt Cignetti Indiana
75%
Jim Valvano NC State
75%
Bill Belichick UNC
69%
Tony Vitello Tennessee
25%
Jay Pandolfo Boston University
13%
No matching quizzes found
Score Distribution
Percent of People with Each Score
Percentile by Number Answered
Your Score History
You have not taken this quiz